Manual de impuesto al valor agregado Parte general 2018 /

Bibliographic Details
Main Author: Rico Munguia, Još
Format: eBook
Language:Spanish
Published: Ciudad de Mx̌ico: Tax Editores, 2018
Subjects:
Online Access:Acceso restringido

MARC

LEADER 00000nam a22000007a 4500
005 20180524123233.0
007 cr|||| ||||
008 180524s2018 mx |||||s|||| 00||0 spa d
020 |a 978-607-629-234-1 
035 |a 21734 
040 |a vLex 
090 |c 7994  |d 7994 
100 1 |a Rico Munguia, Još 
245 1 0 |a Manual de impuesto al valor agregado  |h [Recurso electrn̤ico] :  |b Parte general 2018 /  |c Jos ̌Rico Munguia 
256 |a Servicio en ln̕ea 
260 |a Ciudad de Mx̌ico:  |b Tax Editores,  |c 2018 
300 |a 1 recurso electrn̤ico 
500 |a Cuando se busca un libro para estudiar o complementar temas fiscales, es comn︢ encontrar obras que se refieren a situaciones especf̕icas, sin considerar los antecedentes, las exposiciones de motivos, la explicacin̤ de conceptos y los razonamientos necesarios para comprender las primeras. Estudiantes de contadura̕, derecho e interesados en el estudio del impuesto al valor agregado (IVA) requieren materiales que aborden de manera sencilla situaciones bs̀icas y razonamientos concretos, por ejemplo, cul̀es son los actos o las actividades que generan el impuesto, cuǹdo se tiene la obligacin̤ de pagarlo, en qu ̌casos no se paga el impuesto y cul̀es son las obligaciones de los contribuyentes, entre otros. Lo anterior permitir ̀advertir y comprender situaciones ms̀ complejas, por ejemplo, por qu ̌razn̤ el IVA afecta a los consumidores finales y no a quienes causan el impuesto, salvo cuando se trata de importadores de bienes y servicios, por qu ̌la tasa de 0% rompe el valor agregado generando un problema al Estado cuando le solicitan saldos a favor de IVA que no fue enterado por los proveedores, por qu ̌una sociedad que presta servicios de maquila sl̤o puede generar saldos a favor mn̕imos de IVA, que sl̤o se acredita el IVA cuando se paga efectivamente, mientras que se causa con supuestos adicionales al flujo de efectivo. Desarrollar razonamientos bs̀icos, con base en explicaciones sencillas y diagramas que resuman el contenido de la ley que regula el IVA, es la tarea que ha realizado Jos ̌Rico Mungua̕ en esta primera obra referida a la parte general de dicho impuesto, gracias al apoyo del Centro Universitario de Estudios Jurd̕icos y de Tax Editores, quienes fomentan la creacin̤ de este tipo de literatura. 
506 1 |a Disponible solo en los productos indicados  |d vLex Global  |d vLex Global (Academic Edition, excluding Law Schools)  |d vLex Global (U.S. Academic Edition, Law Schools)  |d vLex Global (U.S. Academic Edition, excluding Law Schools)  |d vLex Global (Academic Edition, Law Schools) 
650 0 4 |a Derecho Mercantil y de la Empresa  |z Mx̌ico 
650 0 4 |a Derecho Fiscal  |z Mx̌ico 
650 0 4 |a IVA  |z Mx̌ico 
740 0 |a vLex Libros (Servicio en ln̕ea) 
856 4 0 |u http://vlex.com/source/manual-de-impuesto-al-valor-agregado-parte-general-2018-21734  |z Acceso restringido 
942 |c BOOK 
999 0 |a Business and Company Law 
999 0 |a Tax Law 
999 0 |a VAT